1036 1393 1930 1053 1734 1099 1351 1283 1124 1031 1592 1075 1314 1167 1254 1790 1467 1851 1959 1426 1908 1425 1057 1945 1078 1593 1545 1628 1367 1748 1859 1913 1721 1724 1667 1371 1675 1834 1504 1914 1754 1252 1174 1158 1676 1163 1443 1861 1839 1844 1733 1080 1010 1139 1692 1096 1560 1745 1229 1275 1809 1439 1515 1416 1884 1861 1474 1023 1856 1999 1217 1994 1445 1511 1641 1580 1225 1701 1319 1094 1376 1819 1897 1334 1006 1300 1427 2000 1032 1546 1297 1123 1144 1262 1941 1666 1312 1166 1327 BCNSPRNW ULIB Ver.6.0+V

เปลี่ยนเป็นภาษาไทย

Change to English
 แสดงรายละเอียดบรรณานุกรม
  กลับหน้าหลัก

Brief Record : Get Marc (ISO 2709) : E-mail record : QR code < ปิดหน้าต่าง
LEADER : 00000nam 2200000uu 4500
001    13399127109
003     ULIB
008    191010s2560||||th 000 0 tha d
020    ^a9786160438204
060    ^aWS103^bห134ส
100    ^aหทัยชนก เชียงทอง
245    ^aสุขใจในวันน้ำท่วม (FLOODED WITH HAPPINESS) นิทานสร้างคุณธรรม (สองภาษา ไทย-อังกฤษ)
250    ^aพิมพ์ครั้งที่ 1
260    ^aกรุงเทพฯ :^bนานมีบุ๊คส์คิดดี้,^c2560
300    ^a32 หน้า;^b21 ซม.
650    ^aเด็ก^xการเรียนการสอน
945    ^p115^l0^i006297
999    ^aประนอม เกษจรัล
รายการนี้ยังไม่มีแท็ก
คุณยังไม่ได้ล็อกอิน คุณสามารถมีกิจกรรมร่วมกับเว็บไซต์ได้ แต่ต้องล็อกอินก่อน ::
  ล็อกอิน

รายการสื่อสารสนเทศ

ลำดับที่ ประเภท เลขเรียก/บาร์โค้ด สถานที่ สถานะ
1. วิทยาศาสตร์การแพทย์ และสุขภาพ
วิทยาศาสตร์การแพทย์ และสุขภาพ
WS103 ห134ส ฉ.1 
  Barcode: 006297
ห้องสมุดวิทยาเขตสวรรค์ประชารักษ์
►หนังสือทั่วไป
บนชั้น

BibComment


ยังไม่เคยถูกคอมเมนท์

คอมเมนท์ทรัพยากรรายการนี้
  คอมเมนท์: สุขใจในวันน้ำท่ว..


 Copyright 2026. Bcnsprnw @Library